Statistiques concernant Equipes-types de la Ligue des Champions : 2016

Cliquez ici pour prendre le quiz!

Statistiques générales

  • Ce quiz a été pris 792 fois
  • Le résultat moyen est 16 sur 18

Statistiques - réponses

RéponseHint% Correct
Cristiano RonaldoRéal Madrid
99%
Lionel MessiFC Barcelone
99%
Manuel NeuerBayern Munich
99%
Sergio RamosRéal Madrid
99%
Jan OblakAtlético Madrid
98%
Luis SuarezFC Barcelone
98%
Luka ModricRéal Madrid
98%
Toni KroosRéal Madrid
97%
Andres IniestaFC Barcelone
96%
Antoine GriezmannAtlético Madrid
96%
Gareth BaleRéal Madrid
96%
Robert LewandowskiBayern Munich
96%
MarceloRéal Madrid
94%
Thiago SilvaPSG
94%
Diego GodinAtlético Madrid
87%
KokeAtlético Madrid
81%
JuanfranAtletico Madrid
53%
GabiAtlético Madrid
51%

Distribution des résultats

Percentile par nombre de réponses

% des personnes avec chaque résultat

Votre développement - résultats

Vous n’avez pas pris ce quiz